| 000 | 00841nam a22002177a 4500 | ||
|---|---|---|---|
| 999 |
_c2793 _d2793 |
||
| 003 | OSt | ||
| 005 | 20230821153757.0 | ||
| 008 | 230821b ||||| |||| 00| 0 eng d | ||
| 020 | _a9781337293921 | ||
| 040 | _cKH8 | ||
| 082 | _a400 KOU | ||
| 100 |
_aKoustaff, Lesley, _eauthor. |
||
| 245 |
_aImpact 1: _bWorkbook + WB Audio CD / _cLesley Koustaff. |
||
| 260 |
_bCENGAGE Learning; _c2017. |
||
| 300 | _c8.5 x 0.24 x 10.91 inches. | ||
| 440 |
_aImpact _n1 |
||
| 520 | _aImpact helps teenage learners to better understand themselves, each other, and the world they live in. By encouraging self-expression, global citizenship, and active participation, Impact motivates students to explore who they are and who they want to be, all while learning English! | ||
| 650 |
_aEnglish _vGrammar |
||
| 650 |
_aEnglish _vVocabulary |
||
| 942 |
_2ddc _cTR |
||